000 005690000a22001810004500
003 MACL
005 20160610123436.0
008 160610b xxu||||| |||| 00| 0 eng d
040 _aMACL
_cmacl
041 _aHindi
082 _a891.433
100 _aवर्मा, भगवतीचरण
_944560
245 _aआखिरी दांव
_cभगवतीचरण वर्मा
260 _bराजपाल एण्‍ड सन्‍ज
_c1994
_aनई दिल्‍ली
350 _a45
650 _aNovel
_963768
942 _cHIN
_k891.433
_2ddc
999 _c48257
_d48257